Operations management : planning and control of operations and operating resources /

Bibliographic Details
Main Author: Schonberger, Richard
Format: Book
Language:English
Published: Plano, Tex. : Business Publications, 1981.
Subjects:

MARC

Tag First Indicator Second Indicator Subfields
LEADER 00000cam a2200000 a 4500
001 in00000009641
005 20151007051630.0
008 810715s1981 txua b 00110 eng
010 |a  80069796  
020 |a 0256024421 
035 |a (OCoLC)07321733 
035 |9 AAA4014AM 
040 |a DLC  |c DLC  |d m/c  |d TXA  |d UtOrBLW 
049 |a TXAM  |c [A11460935] 
050 0 0 |a TS155  |b .S3245 
082 0 |a 658.5  |2 19 
100 1 |a Schonberger, Richard. 
245 1 0 |a Operations management :  |b planning and control of operations and operating resources /  |c Richard J. Schonberger. 
264 1 |a Plano, Tex. :  |b Business Publications,  |c 1981. 
300 |a xii, 654 pages :  |b illustrations ;  |c 25 cm. 
336 |a text  |b txt  |2 rdacontent 
337 |a unmediated  |b n  |2 rdamedia 
338 |a volume  |b nc  |2 rdacarrier 
500 |a Includes bibliographies and index. 
650 0 |a Production management. 
999 |a MARS 
999 f f |s d3de8a69-8003-35f6-b4bd-2a437a57db71  |i df83c982-f874-3f05-92e1-9ec13f7d0391  |t 0 
952 f f |p ric  |a Texas A&M University  |b Rellis Campus  |c Joint Library Facility  |d Remote Storage  |t 0  |e TS155 .S3245  |h Library of Congress classification  |i unmediated -- volume  |m A14811460935 
998 f f |a TS155 .S3245  |t 0  |l Remote Storage